| 000 | 00388nam a2200097Ia 4500 | ||
|---|---|---|---|
| 008 | 180130s9999 xx 000 0 und d | ||
| 245 |
_cDrigas, Athanasios S.; Pappas, Marios A. _aA review of mobile learning applications for mathematics |
||
| 260 | _c2016 | ||
| 300 | _aBook title: Recent developments in mobile technology--Acession number C20742; pages 202-207 | ||
| 650 | _aMOBILE TECHNOLOGY | ||
| 999 |
_c353783 _d353783 |
||